000 00526nam a2200169 a 4500
005 20140412111324.0
008 000826s19uu xx 00 eng d
020 _a1-85697-420-0
050 _aREF 030
_bE56 1995 v.5
245 _aGrolier Encyclopedia, v.5 :
_bof lands and peoples.
260 _aDanbury, Connecticut :
_bGrolier Inc,
_c1995.
300 _a257 - 320 p.
440 _aGrolier Encyclopedia of Land & Peoples (10 vol.)
650 _aEncyclopedias, lands
650 _aEncyclopedias, peoples
999 _c104520
_d104520